[Event "ARM-ch 1st League 75th"]
[Site "Yerevan"]
[Date "2014.08.24"]
[Round "4"]
[White "Vardanian, Haik G"]
[Black "Hayrapetyan, Hovik"]
[Result "1-0"]
[WhiteElo "2314"]
[BlackElo "2438"]
[PlyCount "121"]
[EventDate "2014.08.21"]
[EventType "tourn"]
[EventRounds "13"]
[EventCountry "ARM"]
[EventCategory "6"]
[SourceTitle "CBM 162 Extra"]
[Source "ChessBase"]
[SourceDate "2014.10.17"]
[SourceVersion "1"]
[SourceVersionDate "2014.10.17"]
[SourceQuality "1"]

1. e4 c5 2. Nf3 e6 3. b3 b6 4. d4 cxd4 5. Bb2 Bb7 6. Nbd2 d6 7. Nxd4 Nf6 8. Bb5+ Nbd7 9. Qe2 a6 10. Bxd7+ Qxd7 11. 0-0-0 Qc7 12. Kb1 Be7 13. g4 d5 14. e5 Ne4 15. Qe3 Bb4 16. Nxe4 dxe4 17. Ne2 Rc8 18. c4 Bc5 19. Bd4 Bxd4 20. Rxd4 Qxe5 21. f4 Qc5 22. Nc3 0-0 23. Nxe4 Bxe4+ 24. Rxe4 Qxe3 25. Rxe3 Rfd8 26. Kc2 h5 27. h3 Rd4 28. Rf1 hxg4 29. hxg4 Kh7 30. Kc3 Rcd8 31. f5 exf5 32. gxf5 R4d6 33. b4 Rh6 34. Rff3 Rh4 35. Rh3 Rdd4 36. Rxh4+ Rxh4 37. Re7 Rh3+ 38. Kd4 Rh4+ 39. Kd5 Rf4 40. Rxf7 Kg8 41. Ra7 a5 42. bxa5 Rxf5+ 43. Kd6 Rf6+ 44. Ke5 bxa5 45. Rxa5 Rf2 46. c5 Kf8 47. Kd6 Rd2+ 48. Kc7 Ke7 49. c6 Rc2 50. a4 Rc4 51. Re5+ Kf6 52. Rb5 g5 53. Kb7 Rxa4 54. c7 Rc4 55. Rb6+ Ke5 56. Rc6 Rb4+ 57. Ka6 Ra4+ 58. Kb5 Ra8 59. c8Q Rxc8 60. Rxc8 g4 61. Kc4 1-0

[Event "ARM-ch 1st League 75th"]
[Site "Yerevan"]
[Date "2014.08.23"]
[Round "3"]
[White "Vardanian, Haik G"]
[Black "Torosyan, Norayr"]
[Result "0-1"]
[WhiteElo "2314"]
[BlackElo "2321"]
[PlyCount "112"]
[EventDate "2014.08.21"]
[EventType "tourn"]
[EventRounds "13"]
[EventCountry "ARM"]
[EventCategory "6"]
[SourceTitle "CBM 162 Extra"]
[Source "ChessBase"]
[SourceDate "2014.10.17"]
[SourceVersion "1"]
[SourceVersionDate "2014.10.17"]
[SourceQuality "1"]

1. e4 c6 2. Nc3 d5 3. Nf3 Bg4 4. h3 Bxf3 5. Qxf3 e6 6. Be2 Nd7 7. 0-0 d4 8. Nb1 Bd6 9. d3 Ngf6 10. Bd1 0-0 11. Nd2 b5 12. Qe2 Qc7 13. c3 c5 14. Nf3 e5 15. Nh4 g6 16. cxd4 cxd4 17. Qf3 Kh8 18. Bb3 Ng8 19. Bg5 f6 20. Bd2 Nc5 21. Bd5 Rab8 22. Rac1 Qe7 23. g3 Qd7 24. b4 Na6 25. a3 Nc7 26. Bb3 Qxh3 27. Rc6 Rbd8 28. Rfc1 Ne8 29. Ra6 Rc8 30. Rxc8 Qxc8 31. Rxa7 Nc7 32. Bd5 Kg7 33. Qd1 Ne7 34. Qb3 Kh8 35. Bh6 Rd8 36. Bf7 g5 37. Bh5 Qe6 38. Qxe6 Nxe6 39. Nf5 Nxf5 40. exf5 Nc7 41. Kg2 Rb8 42. Kf3 Kg8 43. Ke4 Rb6 44. Bd1 Kf7 45. Bb3+ Ke7 46. Bd5 Kd8 47. Bg8 Kc8 48. Bxh7 Kb8 49. Ra5 Rc6 50. Bg7 Be7 51. a4 Rc2 52. axb5 g4 53. Bh6 Re2+ 54. Be3 dxe3 55. fxe3 Bxb4 56. Ra4 Bd2 0-1

[Event "ARM-ch 1st League 75th"]
[Site "Yerevan"]
[Date "2014.08.22"]
[Round "2"]
[White "Petrosian, Davit Gevorgi"]
[Black "Vardanian, Haik G"]
[Result "1/2-1/2"]
[WhiteElo "2398"]
[BlackElo "2314"]
[PlyCount "35"]
[EventDate "2014.08.21"]
[EventType "tourn"]
[EventRounds "13"]
[EventCountry "ARM"]
[EventCategory "6"]
[SourceTitle "CBM 162 Extra"]
[Source "ChessBase"]
[SourceDate "2014.10.17"]
[SourceVersion "1"]
[SourceVersionDate "2014.10.17"]
[SourceQuality "1"]

1. e4 c5 2. Nf3 e6 3. Nc3 a6 4. d4 cxd4 5. Nxd4 Qc7 6. Qf3 Nf6 7. Bg5 Qe5 8. Be3 Bb4 9. 0-0-0 Nc6 10. Na4 Qa5 11. Nxc6 bxc6 12. Nb6 Rb8 13. Qg3 Qxa2 14. c3 Rxb6 15. Bxb6 Qa1+ 16. Kc2 Qa4+ 17. Kc1 Qa1+ 18. Kc2 1/2-1/2

[Event "ARM-ch 1st League 75th"]
[Site "Yerevan"]
[Date "2014.08.21"]
[Round "1"]
[White "Vardanian, Haik G"]
[Black "Chibukhchian, Artur"]
[Result "0-1"]
[WhiteElo "2314"]
[BlackElo "2430"]
[PlyCount "106"]
[EventDate "2014.08.21"]
[EventType "tourn"]
[EventRounds "13"]
[EventCountry "ARM"]
[EventCategory "6"]
[SourceTitle "CBM 162 Extra"]
[Source "ChessBase"]
[SourceDate "2014.10.17"]
[SourceVersion "1"]
[SourceVersionDate "2014.10.17"]
[SourceQuality "1"]

1. c4 e5 2. Nc3 Nf6 3. Nf3 Nc6 4. a3 g6 5. b4 d6 6. d4 exd4 7. Nxd4 Bg7 8. e3 Bg4 9. Be2 Bxe2 10. Qxe2 Qd7 11. 0-0 0-0 12. Nxc6 bxc6 13. Rb1 Rfe8 14. Bd2 Re5 15. Qd3 Rae8 16. Rfd1 Qc8 17. Be1 a6 18. Ne2 Ng4 19. Nd4 c5 20. Nf3 Rh5 21. h3 Ne5 22. Nxe5 Rexe5 23. f4 Re8 24. Bf2 Qa8 25. b5 axb5 26. Rxb5 c6 27. Rb6 d5 28. Rdb1 Bf8 29. Rb7 Rf5 30. Rd7 d4 31. Rbb7 Bg7 32. Kh2 h5 33. exd4 cxd4 34. Bxd4 Bxd4 35. Qxd4 Qxa3 36. Rd8 Rxd8 37. Qxd8+ Qf8 38. Qc7 Qh6 39. g3 h4 40. Qd8+ Kh7 41. Qxh4 Qxh4 42. gxh4 Rxf4 43. Kg3 Rf5 44. Rc7 c5 45. Re7 Kg7 46. Re8 Kf6 47. Re4 Re5 48. Rf4+ Ke6 49. Kg4 f6 50. Kf3 f5 51. Kg3 Re3+ 52. Kg2 Re4 53. Rf1 Rxh4 0-1

[Event "EU-ch 15th"]
[Site "Yerevan"]
[Date "2014.03.14"]
[Round "11"]
[White "Ghvamberia, Nika"]
[Black "Vardanian, Haik G"]
[Result "0-1"]
[WhiteElo "2133"]
[BlackElo "2327"]
[PlyCount "46"]
[EventDate "2014.03.03"]
[EventType "swiss"]
[EventRounds "11"]
[EventCountry "ARM"]
[SourceTitle "CBM 160"]
[Source "ChessBase"]
[SourceDate "2014.05.15"]
[SourceVersion "1"]
[SourceVersionDate "2014.05.15"]
[SourceQuality "1"]

1. e4 c5 2. Nf3 e6 3. d4 cxd4 4. Nxd4 a6 5. Bd3 Qc7 6. 0-0 Nc6 7. Be3 Nf6 8. Qe2 d5 9. exd5 Nxd5 10. Nxc6 Nxe3 11. Qxe3 Qxc6 12. Nc3 Be7 13. Rad1 0-0 14. Rfe1 f5 15. Ne2 Bc5 16. Qf4 Qb6 17. b3 e5 18. Qh4 Kh8 19. Bc4 g5 20. Qg3 f4 21. Qxg5 Bxf2+ 22. Kh1 Bf5 23. Rd5 f3 0-1

[Event "EU-ch 15th"]
[Site "Yerevan"]
[Date "2014.03.12"]
[Round "9"]
[White "Bykova, Anastasia"]
[Black "Vardanian, Haik G"]
[Result "0-1"]
[WhiteElo "2132"]
[BlackElo "2327"]
[PlyCount "100"]
[EventDate "2014.03.03"]
[EventType "swiss"]
[EventRounds "11"]
[EventCountry "ARM"]
[SourceTitle "CBM 160"]
[Source "ChessBase"]
[SourceDate "2014.05.15"]
[SourceVersion "1"]
[SourceVersionDate "2014.05.15"]
[SourceQuality "1"]

1. e4 c5 2. c3 Nc6 3. Nf3 d5 4. exd5 Qxd5 5. d4 Bg4 6. Be2 Nf6 7. 0-0 e6 8. Be3 cxd4 9. Nxd4 Bxe2 10. Qxe2 a6 11. Nd2 Bd6 12. h3 Bc7 13. Rfd1 0-0-0 14. N4f3 Qh5 15. b4 Nd5 16. Rdc1 Ne5 17. b5 axb5 18. a4 Nxe3 19. Qxe3 Rd3 20. Qe4 Nxf3+ 21. Nxf3 Qd5 22. Qe2 Rd8 23. axb5 Kb8 24. c4 Qc5 25. Ra4 Bb6 26. Ra2 Qd6 27. Raa1 f6 28. Rc2 e5 29. Kh1 g6 30. Rac1 Bc5 31. g3 Qe6 32. Kg2 e4 33. Ne1 R3d6 34. Rb1 f5 35. Kh2 g5 36. Qh5 h6 37. Ng2 Rd2 38. Rbb2 R2d6 39. Re2 Qxc4 40. Rbc2 Qd5 41. h4 Rg8 42. Ne3 Bxe3 43. Rxe3 Rdg6 44. Rec3 Qd6 45. Rc5 Rf6 46. Kg2 gxh4 47. Rxf5 hxg3 48. f3 Qd3 49. Ra2 exf3+ 50. Rxf3 Qxf3+ 0-1